|
|
|
|
| LEADER |
00992nam a2200253 a 4500 |
| 001 |
4599381 |
| 008 |
090623s1977 ilua b 001 0 eng d |
| 010 |
|
|
|a 76047722
|
| 020 |
|
|
|a 0256019266
|
| 040 |
|
|
|a DLC
|c DLC
|d DLC
|
| 082 |
0 |
0 |
|a 658.8/7
|
| 100 |
1 |
|
|a Duncan, Delbert J.
|
| 245 |
1 |
0 |
|a Modern retailing management :
|b basic concepts and practices /
|c Delbert J. Duncan, Stanley C. Hollander.
|
| 250 |
|
|
|a 9th ed.
|
| 260 |
|
|
|a Homewood, Ill. :
|b R. D. Irwin,
|c 1977.
|
| 300 |
|
|
|a xv, 721 p. :
|b ill. ;
|c 24 cm.
|
| 504 |
|
|
|a Includes bibliographical references and indexes.
|
| 541 |
1 |
|
|e 00002331
|
| 650 |
|
0 |
|a Retail trade
|x Management.
|
| 650 |
|
0 |
|a Retail trade.
|
| 700 |
1 |
|
|a Hollander, Stanley C.,
|d 1919-
|e joint author.
|
| 852 |
4 |
|
|a Ayesha Abed Library
|j General Shelf.
|
| 999 |
|
|
|c 2056
|d 2056
|
| 952 |
|
|
|0 0
|1 0
|2 ddc
|4 0
|6 658_870000000000000_DUN
|7 0
|9 1891
|a BRACUL
|b BRACUL
|c GEN
|d 2009-07-07
|g 0.00
|l 0
|o 658.87 DUN
|p 3010002331
|r 2009-07-07
|t 1
|w 2009-07-07
|y BK
|x No price found in the accession register.
|